<?xml version="1.0" encoding="UTF-8"?><?xml-stylesheet type="text/xsl" href="static/style.xsl"?><OAI-PMH xmlns="http://www.openarchives.org/OAI/2.0/" xmlns:xsi="http://www.w3.org/2001/XMLSchema-instance" xsi:schemaLocation="http://www.openarchives.org/OAI/2.0/ http://www.openarchives.org/OAI/2.0/OAI-PMH.xsd"><responseDate>2026-06-03T20:17:38Z</responseDate><request verb="GetRecord" identifier="oai:riuma.uma.es:10630/16034" metadataPrefix="marc">https://riuma.uma.es/rest/oai/request</request><GetRecord><record><header><identifier>oai:riuma.uma.es:10630/16034</identifier><datestamp>2026-02-03T12:16:46Z</datestamp><setSpec>com_10630_2254</setSpec><setSpec>col_10630_37959</setSpec></header><metadata><record xmlns="http://www.loc.gov/MARC21/slim" xmlns:dcterms="http://purl.org/dc/terms/" xmlns:doc="http://www.lyncode.com/xoai" xmlns:xsi="http://www.w3.org/2001/XMLSchema-instance" xsi:schemaLocation="http://www.loc.gov/MARC21/slim http://www.loc.gov/standards/marcxml/schema/MARC21slim.xsd">
   <leader>00925njm 22002777a 4500</leader>
   <datafield ind2=" " ind1=" " tag="042">
      <subfield code="a">dc</subfield>
   </datafield>
   <datafield ind2=" " ind1=" " tag="720">
      <subfield code="a">López Vergara, Adrián</subfield>
      <subfield code="e">author</subfield>
   </datafield>
   <datafield ind2=" " ind1=" " tag="720">
      <subfield code="a">Porras-Vázquez, José Manuel</subfield>
      <subfield code="e">author</subfield>
   </datafield>
   <datafield ind2=" " ind1=" " tag="720">
      <subfield code="a">Vollestad, Einar</subfield>
      <subfield code="e">author</subfield>
   </datafield>
   <datafield ind2=" " ind1=" " tag="720">
      <subfield code="a">Canales-Vázquez, J.</subfield>
      <subfield code="e">author</subfield>
   </datafield>
   <datafield ind2=" " ind1=" " tag="720">
      <subfield code="a">Ramírez-Losilla, Enrique</subfield>
      <subfield code="e">author</subfield>
   </datafield>
   <datafield ind2=" " ind1=" " tag="720">
      <subfield code="a">Marrero-López, David</subfield>
      <subfield code="e">author</subfield>
   </datafield>
   <datafield ind2=" " ind1=" " tag="260">
      <subfield code="c">2018-06-28</subfield>
   </datafield>
   <datafield ind2=" " ind1=" " tag="520">
      <subfield code="a">Nowadays, hydrogen is receiving a great deal of attention as an energy carrier. Commonly, it is obtained by hydrocarbons reforming, such as natural gas, coal and biomass. However, the resulting hydrogen needs to be purified to remove by-products and impurities, increasing the production costs. An alternative for hydrogen production is proton-conducting ceramics, where hydrogen separation takes place via a chemical potential gradient across the membrane.1, 2&#xd;
In this work, Nb-doped La6MoO12--based compounds have been investigated as part of a new family of materials very competitive as SOFC electrolyte and hydrogen separation membranes.3&#xd;
These materials, La5.4Mo1-xNbxO11.1-x/2 (x = 0.05, 0.10, 0.15 y 0.20) were synthesized by the freeze-drying precursor method and calcination conditions have been optimized to obtain single phases. A complete characterization has been carried out using X-Ray powder diffraction and scanning and transmission electron microscopy. The total conductivity was determined by complex impedance spectroscopy at different atmospheres.&#xd;
Different polymorphs are obtained as a function of the cooling rate and the dopant amount. The samples cooled by quenching are cubic with a fluorite-type structure (Fm3 ̅m) and the ones cooled at 50 y 0.5 ºC•min-1 are rhombohedral (R1 and R2 polymorphs). For niobium contents higher than x = 0.10 the R1 polymorph is stabilised at cooling rates equal or inferior to 50 ºC•min-1.&#xd;
For all three series, the incorporation of niobium into La5.4MoO11.1 increases the conductivity, reaching the best values for x=0.10 and the sample obtained by quenching.</subfield>
   </datafield>
   <datafield ind1="8" ind2=" " tag="024">
      <subfield code="a">https://hdl.handle.net/10630/16034</subfield>
   </datafield>
   <datafield tag="653" ind2=" " ind1=" ">
      <subfield code="a">Lantánidos</subfield>
   </datafield>
   <datafield ind2="0" ind1="0" tag="245">
      <subfield code="a">Influence of Nb-doping on the structural and electrical properties of lanthanum molybdates, La5.4MoO11.1</subfield>
   </datafield>
</record>
</metadata></record></GetRecord></OAI-PMH>